Dopasuj miasto do państwa - klikanie (wersja bardzo łatwa) - Statystyki

Ogólne statystyki
  • Ten quiz został rozwiązany 31 razy
    29 od ostatniego zresetowania
  • Średni wynik to 17 z 20
Statystyki odpowiedzi
Hint Odpowiedź % Poprawnych
Szanghaj Chiny
93%
Praga Czechy
93%
Mediolan Włochy
93%
Mińsk Białoruś
89%
Tallinn Estonia
89%
Helsinki Finlandia
89%
Delhi Indie
89%
Hawana Kuba
89%
Kiszyniów Mołdawia
89%
Berlin Niemcy
89%
Bangkok Tajlandia
89%
Genewa Szwajcaria
85%
Bagdad Irak
81%
Warna Bułgaria
78%
Belgrad Serbia
78%
Damaszek Syria
78%
Montevideo Urugwaj
78%
Kapsztad RPA
70%
Kinszasa Demokratyczna Republika Konga
63%
Karaczi Pakistan
56%
Nie znaleziono quizów pasujących do podanych kryteriów
Rozkład punktacji
Procent ludzi z każdym wynikiem
Percentyl według liczby udzielonych odpowiedzi
Twoja historia wyników
Nie rozwiązałeś tego quizu od ostatniego zresetowania